Inhalačná anestézia anestetikom Sevorane

Bibliographic Details
Main Author: Paulíny, Matúš (Author)
Format: Article
Language:Slovak
PhysicalDescription:Fotogr.
ISSN:1335-4477
Subjects:

MARC

LEADER 00000nab a2200000 a 4500
001 vtls008409602
003 SK-MaSNL
005 20260303070131.0
008 140303c2005 xo wrzp 0 0slo
015 |a SNBRB2005/11  |2 snkbucl 
040 |a SNKBUCL  |b slo  |c SNKBUCL  |e AACR2 
041 0 |a slo 
044 |a xo  |c SK 
080 |a 615.216  |2 1997 
100 1 |a Paulíny, Matúš  |4 aut  |9 562450 
245 1 0 |a Inhalačná anestézia anestetikom Sevorane  |c Matúš Paulíny 
300 |b Fotogr. 
650 0 7 |a inhalačná anestézia  |2 snkbucl  |9 14730 
650 0 7 |a Sevorane (anestetikum)  |2 snkbucl  |9 1067137 
773 0 |t Zdravotnícke noviny  |g Roč. X, č. 27 (2005)  |x 1335-4477 
773 0 8 |t Lekárske listy  |g Č. 27 (2005), s. 24-25 
852 |a SNK  |b KIS3GCP 
958 |a ME  |2 snkbucl 
999 |c 1754087  |d 1756017